Online katalóg knižníc regiónu Turca

Deduško Večerníček / (Record no. 22799)

MARC details
000 -LEADER
fixed length control field 01246cam a2200361 a 4500
001 - CONTROL NUMBER
control field 22799
003 - CONTROL NUMBER IDENTIFIER
control field CZ PrNK
005 - DATE AND TIME OF LATEST TRANSACTION
control field 20260428073130.0
007 - PHYSICAL DESCRIPTION FIXED FIELD--GENERAL INFORMATION
fixed length control field tu
008 - FIXED-LENGTH DATA ELEMENTS--GENERAL INFORMATION
fixed length control field 011130s2001 xr a a 000 1 slo
015 ## - NATIONAL BIBLIOGRAPHY NUMBER
National bibliography number cnb000891231
020 ## - INTERNATIONAL STANDARD BOOK NUMBER
International Standard Book Number 8071815519
Qualifying information (váz.)
035 ## - SYSTEM CONTROL NUMBER
System control number (OCoLC)56863819
040 ## - CATALOGING SOURCE
Original cataloging agency OLA001
Language of cataloging cze
Modifying agency ABA001
072 #7 - SUBJECT CATEGORY CODE
Subject category code 821.162.4
Subject category code subdivision Slovenská literatura
Source Konspekt
072 #7 - SUBJECT CATEGORY CODE
Subject category code 821-93
Subject category code subdivision Literatura pro děti a mládež (beletrie)
Source Konspekt
080 ## - UNIVERSAL DECIMAL CLASSIFICATION NUMBER
Universal Decimal Classification number 821-93
Edition identifier MRF
080 ## - UNIVERSAL DECIMAL CLASSIFICATION NUMBER
Universal Decimal Classification number 821.162.4-34
Edition identifier MRF
080 ## - UNIVERSAL DECIMAL CLASSIFICATION NUMBER
Universal Decimal Classification number (0:82-34)
Edition identifier MRF
100 1# - MAIN ENTRY--PERSONAL NAME
Personal name Pavlovič, Jozef,
Dates associated with a name 1934-2020
Relationship aut
245 10 - TITLE STATEMENT
Title Deduško Večerníček /
Statement of responsibility, etc. Jozef Pavlovič ; [ilustrácie Ladislav Čapek]
250 ## - EDITION STATEMENT
Edition statement Slovenské vyd. 2., V Ottovom nakladatelstve 1.
260 ## - PUBLICATION, DISTRIBUTION, ETC.
Place of publication, distribution, etc. Praha :
Name of publisher, distributor, etc. Cesty,
Date of publication, distribution, etc. 2001
300 ## - PHYSICAL DESCRIPTION
Extent 96 s. :
Other physical details barev. il. ;
Dimensions 30 cm
655 #7 - INDEX TERM--GENRE/FORM
Genre/form data or focus term slovenské pohádky
Source of term czenas
655 #7 - INDEX TERM--GENRE/FORM
Genre/form data or focus term publikace pro děti
Source of term czenas
655 #9 - INDEX TERM--GENRE/FORM
Genre/form data or focus term Slovak fairy tales
Source of term eczenas
655 #9 - INDEX TERM--GENRE/FORM
Genre/form data or focus term children’s literature
Source of term eczenas
700 1# - ADDED ENTRY--PERSONAL NAME
Personal name Čapek, Ladislav,
Dates associated with a name 1919-1996
Relationship ill
901 ## - LOCAL DATA ELEMENT A, LDA (RLIN)
f 2. sloven. vyd., 1. vyd. v nakl. Cesty
g V závorkovém výkladu chybně uvedeno Cesty. Bratislava
o 20040428
910 ## - USER-OPTION DATA (OCLC)
User-option data ABA001
942 ## - ADDED ENTRY ELEMENTS (KOHA)
Source of classification or shelving scheme Dewey Decimal Classification
Koha item type Krásna literatúra pre deti
Suppress in OPAC No
Holdings
Stav vyradenia Strata Poškodenie Spôsob nadobudnutia Domovská knižnica Aktuálna knižnica Dátum nadobudnutia Total checkouts Čiarový kód exemplára Date last seen Typ exemplára
      Dar Obecná knižnica Turčianska Štiavnička Obecná knižnica Turčianska Štiavnička 28.04.2026   4738001008 28.04.2026 Krásna literatúra pre deti
Projekt je podporený Slovenskou asociáciou knižníc
Prevádzkuje Turčianska knižnica Martin 2026